| 000 | 00361nam a22001577a 4500 | ||
|---|---|---|---|
| 003 | SGT | ||
| 020 | _a978-93-86554-36-9 | ||
| 082 |
_a612 _bP19B |
||
| 100 | _aBHARDWAJ, VINAY | ||
| 245 | _aA TEXT BOOK OF PRACTICALS IN KRIYA SHARIR | ||
| 250 | _a1AT | ||
| 260 |
_aVARANASI _bCHAUKHAMBA PUB _c2019 |
||
| 300 | _a256 | ||
| 650 | _aAYURVEDA | ||
| 942 |
_2ddc _cBK _020 |
||
| 999 |
_c16580 _d16580 |
||